Quick Pick: Grammy Record of the Year Quiz Stats

Quiz Updated Sep 1, 2016

Challenge
Share
Tweet
Embed
Score 0/20 Timer 01:30
1 Play Today
% Correct
Michael Jackson
92.8%
Whitney Houston
90%
Eagles
89.8%
Amy Winehouse
86.2%
Adele
85.5%
Simon & Garfunkel
83.8%
Tina Turner
82.9%
Roberta Flack
73.3%
Sheryl Crow
72.1%
Tony Bennett
71.8%
% Correct
U2
70.2%
Green Day
69.9%
The 5th Dimension
68.2%
Coldplay
67%
Gotye ft. Kimbra
63.7%
Kings of Leon
60.1%
Henry Mancini
57.9%
Lady Antebellum
57.7%
Norah Jones
54.8%
Dixie Chicks
52.5%

Today's Daily Dose

Missing Word
NPR Programs

Quick Pick
1991 Events

On This Day
June 18th II

You're not logged in!

Compare scores with friends on all Sporcle quizzes.
Join for Free
OR
Log In

You Might Also Like...

Show Comments

Extras

Top Quizzes Today


Score Distribution

Your Account Isn't Verified!

In order to create a playlist on Sporcle, you need to verify the email address you used during registration. Go to your Sporcle Settings to finish the process.

Report this User

Report this user for behavior that violates our Community Guidelines.

Details: